000 00430cam a2200181ua 4500
001 8865
008 150216n ii |||gr||||Z||||||eng
040 _cMAIN
041 _aeng
082 _a823
100 _aHardy, T.,
_eAuthor.
245 _aTess of the Urbervilles :
_bPure women /
_cBy T. Hardy .
250 _a1st.
260 _aNew Delhi:
_bKalyani,
_c1985.
300 _a525p.
653 _aEnglish fiction
942 _cBK
999 _c7959
_d7959